UAE in focus: (Record no. 223688)
[ view plain ]
| 000 -LEADER | |
|---|---|
| fixed length control field | 00556nam a22001937a 4500 |
| 005 - DATE AND TIME OF LATEST TRANSACTION | |
| control field | 20220711151938.0 |
| 008 - FIXED-LENGTH DATA ELEMENTS--GENERAL INFORMATION | |
| fixed length control field | 220711b ||||| |||| 00| 0 eng d |
| 020 ## - INTERNATIONAL STANDARD BOOK NUMBER | |
| International Standard Book Number | 1900724219 |
| 040 ## - CATALOGING SOURCE | |
| Transcribing agency | Aloy |
| 082 ## - DEWEY DECIMAL CLASSIFICATION NUMBER | |
| Edition number | 23 |
| Classification number | 953.57 |
| Item number | TRIU |
| 100 ## - MAIN ENTRY--PERSONAL NAME | |
| Personal name | Trident Press |
| 100 ## - MAIN ENTRY--PERSONAL NAME | |
| 9 (RLIN) | 48086 |
| 245 ## - TITLE STATEMENT | |
| Title | UAE in focus: |
| Remainder of title | A photographic history of the United Arab Emirates |
| 260 ## - PUBLICATION, DISTRIBUTION, ETC. | |
| Place of publication, distribution, etc. | UK: |
| Name of publisher, distributor, etc. | Trident Press Ltd. |
| Date of publication, distribution, etc. | 1998 |
| 300 ## - PHYSICAL DESCRIPTION | |
| Extent | 300p. |
| Other physical details | HB |
| Dimensions | 33x26cm. |
| 650 ## - SUBJECT ADDED ENTRY--TOPICAL TERM | |
| Topical term or geographic name entry element | Photographs of UAE |
| 9 (RLIN) | 48087 |
| 650 ## - SUBJECT ADDED ENTRY--TOPICAL TERM | |
| Topical term or geographic name entry element | Travel |
| 9 (RLIN) | 48088 |
| 700 ## - ADDED ENTRY--PERSONAL NAME | |
| Personal name | TRIDENT PRESS |
| 9 (RLIN) | 48089 |
| 942 ## - ADDED ENTRY ELEMENTS (KOHA) | |
| Source of classification or shelving scheme | Dewey Decimal Classification |
| Koha item type | George Fernandes Collections |
| Withdrawn status | Lost status | Source of classification or shelving scheme | Damaged status | Not for loan | Collection code | Home library | Current library | Date acquired | Total Checkouts | Full call number | Barcode | Date last seen | Price effective from | Koha item type |
|---|---|---|---|---|---|---|---|---|---|---|---|---|---|---|
| Dewey Decimal Classification | History | St Aloysius Library | St Aloysius Library | 03/24/2013 | 953.57 TRIU | GF03360 | 07/11/2022 | 07/11/2022 | George Fernandes Collections |